| 000 | 00864nam a2200253Ia 4500 | ||
|---|---|---|---|
| 003 | OSt | ||
| 005 | 20220918171000.0 | ||
| 006 | a|||||r|||| 00| 0 | ||
| 007 | ta | ||
| 008 | 220917b |||||||| |||| 00| 0 eng d | ||
| 020 |
_a9781108425872 (hbk) _cUKP 75.00 |
||
| 024 | _a348,210 | ||
| 037 |
_b56954, 15/01/2019, Segment Book Distributors _cTextual |
||
| 040 |
_aARTS _cARTS _beng |
||
| 041 |
_2eng _aeng |
||
| 082 | _aR3xM891:g, Q8 | ||
| 100 | _aStern David G. Ed. | ||
| 245 | 0 |
_aWittgenstein in the 1930s _b between the tractatus and the investigations |
|
| 260 |
_aCambridge _bCambridge University Press USA _c2018 |
||
| 300 |
_axiii,298p. _ccm. |
||
| 650 |
_aPHILOSOPHERS; WITTGENSTEIN, LUDWIG _932860 |
||
| 942 |
_hR3xM891:g, Q8 _cTEXL _2CC |
||
| 999 |
_c137095 _d137095 |
||